000 00429nam a2200193Ia 4500
999 _c21430
_d21430
003 0100
008 130303s9999 xx 000 0 und d
040 _cARRUPELIB
050 _aDT944.J6S6MAT 1989
100 _aMathiane, Nomavenda
_934636
245 _aSouth Africa:
_bdiary of troubled times /
260 _aNew York
_bFreedom House
_c1989
300 _a189p
650 _aSoweto (South Africa)
_xSocial conditions
_940234
650 _aBlacks
_xSocial conditions
_zSouth Africa
_zSoweto
_940235
650 _aSoweto (South Africa)
_xPolitics
_940236
650 _aApartheid
_zSouth Africa
_zSoweto
_940227
942 0 0 _01
_2lcc
_cMONOGRAPH